00471nam a2200169Ia 4500008004100000041001200041082001700053100002900070245004800099365000700147520001300154546001200167630004800179650001300227655001300240730004800253101110s9999 xx 000 0 und d aENGLISH bJR644a332.1 aBedi H.L., Hardikar V.K. aPractical Banking (Advances) - 6th edition b36 aCommerce aENGLISH aPractical Banking (Advances) - 6th edition aCommerce aCommerce aPractical Banking (Advances) - 6th edition